True or False: Musical Instruments - Sudden Death - Statistics

General Stats
  • This quiz has been taken 736 times
  • The average score is 6 of 17
Answers on the Grid
Answers color-coded by a green-red scale on the quiz's grid according to % correct below.
Agung
Angklung
Indonesian Piano
Harpsicordion
Banjo
Neonophone
Flute
Bawu
Euphonium
Chello
Pipe Flute
Didgeridoo
Double Contrabass Flute
Mellophone
Gon Gon
Xylocord
Hunting Horn
Lyre
Metallophone
Ding Dong
Obadoe
Tenor Saxophone
Triangle
Viola
Vibrotum
Trumpet
Homophone
Palindrome
Harp
Homonym
 
Answer Stats
Answer % Correct
Flute
63%
Banjo
61%
Harp
59%
Viola
59%
Trumpet
58%
Triangle
57%
Lyre
48%
Didgeridoo
46%
Tenor Saxophone
45%
Euphonium
35%
Double Contrabass Flute
20%
Mellophone
16%
Hunting Horn
10%
Metallophone
8%
Angklung
5%
Agung
2%
Bawu
2%
No matching quizzes found
Score Distribution
Percent of People with Each Score
Percentile by Number Answered
Your Score History
You have not taken this quiz